Southville International School and Colleges
Your cart is empty.
  • Cart
  • Lists
    Public lists Eva Luna New books Lux_list list_1
    Your lists Log in to create your own lists
  • Log in to your account
  • Your cookies
  • Search history
Southville International School and Colleges
  • Advanced search
  • Recent comments
  • Most popular
  • Libraries

Log in to your account

Log in with GOOGLE


If you do not have an external account, but do have a local account, you can still log in:

  1. Home
  2. MARC view: 'Twas the night before Christmas /
Normal view MARC view ISBD view

'Twas the night before Christmas / (Record no. 102517)

[ view plain ]
MARC details
000 -LEADER
fixed length control field 00717nam a2200205 a 4500
005 - DATE AND TIME OF LATEST TRANSACTION
control field 20140412111237.0
008 - FIXED-LENGTH DATA ELEMENTS--GENERAL INFORMATION
fixed length control field 010710s19uu xx 00 eng d
020 ## - INTERNATIONAL STANDARD BOOK NUMBER
International Standard Book Number 0-689-71801-2
050 ## - LIBRARY OF CONGRESS CALL NUMBER
Classification number M 811.2
Item number M5N5 1994
100 ## - MAIN ENTRY--PERSONAL NAME
Personal name Moore, Clement Clarke, 1779-1863
245 ## - TITLE STATEMENT
Title 'Twas the night before Christmas /
Statement of responsibility, etc by Clement Clarke Moore; illustrated by Mike Artell.
260 ## - PUBLICATION, DISTRIBUTION, ETC. (IMPRINT)
Place of publication, distribution, etc New York :
Name of publisher, distributor, etc Macmillan Publishing Comp,
Date of publication, distribution, etc 1994.
300 ## - PHYSICAL DESCRIPTION
Extent 1v. (unp.) ; ill.
520 ## - SUMMARY, ETC.
Summary, etc The well-known poem about an important Christmas Eve visitor.
650 ## - SUBJECT ADDED ENTRY--TOPICAL TERM
Topical term or geographic name as entry element Santa Claus-Juvenile poetry
650 ## - SUBJECT ADDED ENTRY--TOPICAL TERM
Topical term or geographic name as entry element Christmas-Juvenile Poetry
650 ## - SUBJECT ADDED ENTRY--TOPICAL TERM
Topical term or geographic name as entry element Children's poetry, American
650 ## - SUBJECT ADDED ENTRY--TOPICAL TERM
Topical term or geographic name as entry element Narrative Potery
Holdings
Withdrawn status Lost status Damaged status Use restrictions Home library Current library Shelving location Date acquired Source of acquisition Total Checkouts Full call number Barcode Date last seen Price effective from Koha item type
        Elizalde Library Elizalde Library Main Section 07/10/2001     M 811.2 M5N5 1994 E1947 04/12/2014 04/12/2014 Books

'Twas the night before Christmas /

APA

Moore C. C. 1., . (1994). 'Twas the night before Christmas. New York: Macmillan Publishing Comp.

Chicago

Moore Clement Clarke 1779-1863, . 1994. 'Twas the night before Christmas. New York: Macmillan Publishing Comp.

Harvard

Moore C. C. 1., . (1994). 'Twas the night before Christmas. New York: Macmillan Publishing Comp.

MLA

Moore Clement Clarke 1779-1863, . 'Twas the night before Christmas. New York: Macmillan Publishing Comp. 1994.

  • Place hold
  • Print
  • Cite
  • Add to your cart (remove)
  • Save record
    BIBTEX Dublin Core MARCXML MARC (non-Unicode/MARC-8) MARC (Unicode/UTF-8) MARC (Unicode/UTF-8, Standard) MODS (XML) RIS
  • More searches
    Search for this title in:
    Other Libraries (WorldCat) Other Databases (Google Scholar) Online Stores (Bookfinder.com) Open Library (openlibrary.org)

Exporting to Dublin Core...

SOUTHVILLE LIBRARY

Southville International School and Colleges Library

1281 Tropical Ave. Cor. Luxembourg St., BF Homes International, Las Pinas City

Tel. No. 8256374 / 252358 Loc. 117/146

Powered by Koha